000 00533nam a22001817a 4500
005 20241104152828.0
010 _aENG-142562
020 _a200.00
_c9789381325049
035 _aEN-126094
037 _aDBAD
082 _a709.54
245 _aAppreciation of Indian Art:
_bSelected Writings
_hEnglish
260 _aKolkata
_bSwami Sarvabhutananda,
_c2011
270 _aRamakrishna Mission Institute of culture Kolkata
_bKolkata
300 _a394p.
_c22cm(Pb)
500 _aVol-1
942 _2ddc
_cEN
_h709.54
_mAPP
999 _c206889
_d206889